000 00435nam a2200181Ia 4500
001 1726
005 20260306143749.0
008 260306t1997||||xx |||||||||||||| ||spa||
041 _aESP
082 _a155.232
_bP23
100 _aPangrazzi, Arnaldo
_eAUT
245 0 _aEl enneagrama, un viaje hacia la libertad
260 _c1997
300 _a184 páginas :
_c21cm.
650 _aGEN
654 _aCPS
942 _cLIB
_dJUS
_fJUS
_2ddc
_n
999 _c1726
_d1726